000 00220nam a22000857a 4500
008 170109b xxu||||| |||| 00| 0 eng d
100 _92286
_aChhabra.T.N.etal.
245 _aBusiness Studies-XII
260 _aNew delhi
_bAPC
_c2011
999 _c5183
_d5183